Responses for Show #8148 - Wednesday, January 29, 2020

Contestants

[<< previous game]

Ryan Wenstrup-Moore, an associate director of social media from Cincinnati, Ohio

Joshua Swiger, a private tour company owner from Kapolei, Hawaii

Sarah Frontiera, a graduate student from Santa Monica, California (whose 2-day cash winnings total $52,402)

[next game >>]

Jeopardy! Round responses

THE WORLD ALMANAC 2020
STATES' BIG EMPLOYERS
TRAIN OF THOUGHT
A LITTLE ALLITERATION
MONROE
DOCTORIN'
    $200 2
hurricanes

Ryan
    $200 1
Amtrak

Joshua
    $200 10
temper tantrum

Joshua
    $200 18
William & Mary

Joshua
    $200 14
bedside manner

Joshua
    $400 3
bullying

Sarah
    $400 13
Grand Central

Sarah
    $400 16
tea time

Joshua
    $400 23
July 4th

Joshua
    $400 19
the Hippocratic

Ryan
    $600 4
(Joshua: What is the University of Kentucky?)

Virginia

JoshuaRyan
    $600 28
(Sarah: What is Las Vegas?)
(Alex: No.)
(Sarah: [*].)
...
[The end-of-round signal sounds.]

Nevada

SarahRyan
    $2,200 17
(Alex: It is now back in service, by the way, and doing very well.)

the Orient Express

Joshua
    $600 11
a gas guzzler

Ryan
    $600 24
(Alex: Less than a minute now.)

Trenton

Sarah
    $600 20
triage

Joshua
    $800 5
the 19th Amendment

Joshua
    $800 7
(Ryan: What are convenience stores?)
(Sarah: What are gas stations?)

supermarkets (grocery stores)

SarahRyan
Triple Stumper
    $800 27
Trans-Siberian

Sarah
    $800 9
Secret Santa

Sarah
    $800 15
colonization

Ryan
    $800 21
(Joshua: What is doctor-patient [*]?)

confidentiality

Joshua
    $1000 6
cars

Joshua
    $1000 8
Johns Hopkins

Joshua
    $1000 26
(Sarah: Who is John Henry?)

Casey Jones

SarahJoshua
    $1000 12
(Joshua: What are music boxes?)

player pianos

SarahJoshua
    $1000 25
Missouri

Sarah
    $1000 22
a gastroenterologist

Sarah

Scores at the first commercial break (after clue 15):

Sarah Joshua Ryan
$1,800 $1,800 $1,400

Scores at the end of the Jeopardy! Round:

Sarah Joshua Ryan
$3,600 $7,400 $2,400

Double Jeopardy! Round responses

SIN-OPSIS
PLACES
COLORFUL POP CULTURE ANIMALS
WHAT'S YOUR AREA?
LETTER MEN
PETTY RHYMES
(Alex: Each correct response will rhyme with the word "petty".)
    $400 10
Willy Wonka

Ryan
    $400 24
diamonds

Sarah
    $400 1
the White Rabbit

Sarah
    $400 11
a precinct

Sarah
    $400 16
Abraham

Joshua
    $400 21
sweaty

Joshua
    $800 9
suicide

Triple Stumper
    $800 26
Wagner

Sarah
    $800 2
Pinky

Sarah
    $800 12
a breadbasket

Sarah
    $800 30
(Francis) Bacon

Sarah
    $800 29
confetti

Joshua
    $1200 6
adultery

Joshua
    $1200 27
Vesuvius

Sarah
    $1200 3
a wolf

Joshua
    $1200 13
a pitch

Sarah
    $1200 19
Casanova

Joshua
    $1200 28
Betty

Joshua
    $1600 7
Dorian Gray

Sarah
    $6,000 23
Honshu & Hokkaido

Joshua
    $1600 4
Blue

Triple Stumper
    $2,000 14
(Sarah; What... is... the... [*]?)
(Alex: Once again you guessed right.)

the nave

Sarah
    $1600 17
Daimler

Joshua
    $1600 20
a neti pot

Ryan
    $2000 8
The Pearl

Sarah
    $2000 25
Sucre

Joshua
    $2000 5
Black Beauty

Triple Stumper
    $2000 15
(Sarah: What is a terminal?)

a concourse

SarahJoshua
    $2000 18
Euclid

Sarah
    $2000 22
SETI

Joshua

Scores at the end of the Double Jeopardy! Round:

Sarah Joshua Ryan
$16,000 $27,400 $4,400

[wagering suggestions for these scores]

Final Jeopardy! Round responses

21st CENTURY OSCAR WINNERS
(Ryan: Colin Moore... it's my husband. It's not him.)
[Laughter]
(Alex: Frankly, I'm surprised it's not your husband.)
RyanWho is Colin Moore
$400
SarahWho is Gosling
$6,801
JoshuaWho is Hanks
$11,000
Mahershala Ali

Final scores:

Sarah Joshua Ryan
$9,199 $16,400 $4,000
2nd place: $2,000 New champion: $16,400 3rd place: $1,000

Game dynamics:

Coryat scores:

Sarah Joshua Ryan
$15,600 $21,400 $4,400
21 R
(including 1 DD),
4 W
25 R
(including 2 DDs),
2 W
8 R,
1 W

Combined Coryat: $41,400

[game clues] [game scores] [suggest correction]

Game tape date: 2019-11-19
The J! Archive is created by fans, for fans. Scraping, republication, monetization, and malicious use prohibited; this site may use cookies and collect identifying information. See terms. The Jeopardy! game show and all elements thereof, including but not limited to copyright and trademark thereto, are the property of Jeopardy Productions, Inc. and are protected under law. This website is not affiliated with, sponsored by, or operated by Jeopardy Productions, Inc. Join the discussion at JBoard.tv.